书目信息 |
| 书名: | Language and mind | |
| 作者: | ||
| 分册号: | ||
| 分册名: | 出版地: | New York : |
|
| 出版社: | Harcourt Brace Jovanovich | |
| 出版时间: | [1972]. | |
| 页数: | xii, 194 p. ; | |
| 开本: | 24 cm. | |
| 丛书名: | ||
| 中图分类号: | ||
| 科图分类号: | ||
| 其他分类号: | B84 | |
| 主题词: | ||
| 电子资源: | ||
| 000 | 00816cam a2200277 450 | |
| 001 | E0739534058 | |
| 005 | 20070505105331.43 | |
| 008 | 720413s1972 nyu b 000 0 eng | |
| 010 | @a70187121 | |
| 020 | @a0151478104 ;@a0155492578 (pbk). | |
| 035 | @A(DLC) 70187121 | |
| 040 | @aDLC@cDLC@dDLC | |
| 050 | 00 | @aP106@b.C52 1972 |
| 082 | 00 | @a401/.9 |
| 090 | @aB84 | |
| 099 | @dB84@ex128 | |
| 100 | 1 | @aChomsky, Noam. |
| 245 | 10 | @aLanguage and mind. |
| 250 | @aEnl. ed. | |
| 260 | @aNew York :@bHarcourt Brace Jovanovich,@c[1972]. | |
| 300 | @axii, 194 p. ;@c24 cm. | |
| 504 | @aIncludes bibliographical references. | |
| 650 | 0 | @aThought and thinking. |
| 650 | 0 | @aPsycholinguistics. |
| 906 | @a7@bcbc@corignew@d2@encip@f19@gy-gencatlg | |
| 991 | @bc-GenColl@hP106@i.C52 1972@p0000865623A@tCopy 1@wBOOKS | |
| Language and mind.-Enl. ed.-New York : : Harcourt Brace Jovanovich, , [1972]. |
| xii, 194 p. ; ; 24 cm. |
| Includes bibliographical references. |
| ISBN 0151478104 ; |
| ● |
| 相关链接 |
|
|
|
|
正题名:Language and mind
索取号:B84/x128
 
预约/预借
| 序号 | 登录号 | 条形码 | 馆藏地/架位号 | 状态 | 备注 |
| 1 | 6873 | 300068735 | 第二样本阅览室/ [索取号:B84/x128] | 在馆 | |
| 2 | 6874 | 300068744 | 第四借阅区/ [索取号:B84/x128] | 在馆 | |
| 3 | 6875 | 300068753 | 第四借阅区/ [索取号:B84/x128] | 在馆 |